The mystery of the abominable snowman / (Record no. 291961)
[ view plain ]
| 000 -LEADER | |
|---|---|
| fixed length control field | 00645nam a2200241Ia 4500 |
| 008 - FIXED-LENGTH DATA ELEMENTS--GENERAL INFORMATION | |
| fixed length control field | 160319s9999 xx 000 0 und d |
| 020 ## - INTERNATIONAL STANDARD BOOK NUMBER | |
| International Standard Book Number | 1575728109 |
| 050 ## - LIBRARY OF CONGRESS CALL NUMBER | |
| Classification number | 1.9 |
| 050 ## - LIBRARY OF CONGRESS CALL NUMBER | |
| Item number | W189m 2001 |
| 100 ## - MAIN ENTRY--PERSONAL NAME | |
| Personal name | Wallace, Holly. |
| 245 #4 - TITLE STATEMENT | |
| Title | The mystery of the abominable snowman / |
| 245 ## - TITLE STATEMENT | |
| Statement of responsibility, etc | Holly Wallace. |
| 260 ## - PUBLICATION, DISTRIBUTION, ETC. (IMPRINT) | |
| Place of publication, distribution, etc | Des Plaines, Ill. : |
| 260 ## - PUBLICATION, DISTRIBUTION, ETC. (IMPRINT) | |
| Name of publisher, distributor, etc | Heinemann Library, |
| 260 ## - PUBLICATION, DISTRIBUTION, ETC. (IMPRINT) | |
| Date of publication, distribution, etc | 2001 |
| 300 ## - PHYSICAL DESCRIPTION | |
| Extent | 32 pages : |
| 300 ## - PHYSICAL DESCRIPTION | |
| Other physical details | color illustrations ; |
| 300 ## - PHYSICAL DESCRIPTION | |
| Dimensions | 27 cm. |
| 440 ## - SERIES STATEMENT/ADDED ENTRY--TITLE | |
| Title | Can science solve?. |
| 500 ## - GENERAL NOTE | |
| General note | Includes bibiliographical references and index. |
| 650 ## - SUBJECT ADDED ENTRY--TOPICAL TERM | |
| Topical term or geographic name as entry element | Yeti-- |
| 650 ## - SUBJECT ADDED ENTRY--TOPICAL TERM | |
| General subdivision | Juvenile literature. |
| Withdrawn status | Lost status | Damaged status | Home library | Current library | Shelving location | Date acquired | Total Checkouts | Full call number | Barcode | Date last seen | Price effective from | Koha item type |
|---|---|---|---|---|---|---|---|---|---|---|---|---|
| Stonyhurst Southville International School (Batangas) | Stonyhurst Southville International School (Batangas) | Grade School Section | 03/19/2016 | 001.9 .W189m 2001 | LS- 2548 | 03/19/2016 | 03/19/2016 | Books |